All MCU Movies & Shows - Statistics

General Stats
  • This quiz has been taken 377 times
    40 since last reset
  • The average score is 61 of 79
Answer Stats
Hint Answer % Correct
2011 Captain America: The First Avenger
100%
2012 Avengers
97%
2019 Avengers: Endgame
97%
2016 Captain America: Civil War
97%
2008 Iron Man
97%
2010 Iron Man 2
97%
2013 Iron Man 3
97%
2008 The Incredible Hulk
97%
2011 Thor
97%
2017 Thor: Ragnarok
97%
2015 Avengers: Age of Ultron
93%
2018 Avengers: Infinity War
93%
2014 Captain America: The Winter Soldier
93%
2016 Deadpool
93%
2019 Spider-Man: Far From Home
93%
2017 Spider-Man: Homecoming
93%
2009 X-Men Origins: Wolverine
93%
2015 Ant-Man
90%
2018 Black Panther
90%
2021 Black Widow
90%
2019 Captain Marvel
90%
2018 Deadpool 2
90%
2024 Deadpool & Wolverine
90%
2016 Doctor Strange
90%
2022 Doctor Strange in the Multiverse of Madness
90%
2014 Guardians of the Galaxy
90%
2013 Thor: The Dark World
90%
2021 Wandavision
90%
2022 Black Panther: Wakanda Forever
86%
2017 Guardians of the Galaxy Vol. 2
86%
2022 Thor: Love and Thunder
86%
2018 Ant-Man and the Wasp
83%
2023 Guardians of the Galaxy Vol. 3
83%
2022 Ms. Marvel
83%
2021 Spider-Man: No Way Home
83%
2021 The Falcon and the Winter Soldier
83%
2000 X-Men
83%
2025 Captain America: Brave New World
79%
2015 Daredevil
79%
2025 Daredevil: Born Again
79%
2021 Eternals
79%
2017 Logan
79%
2021 Loki
79%
2022 Moon Knight
79%
2021 Shang-Chi and The Legend of the Ten Rings
79%
2022 She-Hulk: Attorney at Law
79%
2025 The Fantastic Four: First Steps
79%
2023 The Marvels
79%
2013 The Wolverine
79%
2013 Agents of S.H.I.E.L.D
76%
2025 Thunderbolts*
76%
2023 Ant-Man and the Wasp: Quantumania
72%
2021 Hawkeye
72%
2016 Luke Cage
72%
2021 What If...?
72%
2016 X-Men: Apocalypse
72%
2014 X-Men: Days of Future Past
72%
2015 Jessica Jones
69%
2003 X2
69%
2011 X-Men: First Class
69%
2006 X-Men: The Last Stand
69%
2020 The New Mutants
66%
2019 X-Men: Dark Phoenix
66%
2017 Iron Fist
62%
2023 Secret Invasion
62%
2017 The Punisher
62%
2024 Echo
59%
2026 Wonder Man
59%
2015 Agent Carter
55%
2017 Defenders
55%
2025 Ironheart
55%
2022 I Am Groot
52%
2024 Agatha All Along
45%
2018 Cloak & Dagger
45%
2025 Marvel Zombies
45%
2022 Werewolf by Night
45%
2025 Eyes of Wakanda
41%
2017 Inhumans
41%
2022 The Guardians of the Galaxy Holiday Special
41%
No matching quizzes found
Score Distribution
Percent of People with Each Score
Percentile by Number Answered
Your Score History
You have not taken this quiz since the last reset